5HLuxD.jpg

KING HENRY VIII SENIOR AND PRIMARY SCHOOL LIBRARY OPAC

Oxford English dictionary for schools / (Record no. 427)

000 -LEADER
fixed length control field 01175pam a2200361 i 4500
001 - CONTROL NUMBER
control field 019327503
003 - CONTROL NUMBER IDENTIFIER
control field UkOxU
005 - DATE AND TIME OF LATEST TRANSACTION
control field 20190814124657.0
008 - FIXED-LENGTH DATA ELEMENTS--GENERAL INFORMATION
fixed length control field 120120s2012 enk j |000 0|eng d
015 ## - NATIONAL BIBLIOGRAPHY NUMBER
National bibliography number GBB206176
Source bnb
020 ## - INTERNATIONAL STANDARD BOOK NUMBER
International Standard Book Number 9780192756992 (paperback) :
020 ## - INTERNATIONAL STANDARD BOOK NUMBER
International Standard Book Number 0192756990 (paperback) :
035 ## - SYSTEM CONTROL NUMBER
System control number (Uk)016014519
040 ## - CATALOGING SOURCE
Original cataloging agency StDuBDS
Language of cataloging eng
Transcribing agency StDuBDS
Modifying agency Uk
Description conventions rda
042 ## - AUTHENTICATION CODE
Authentication code ukblsr
082 04 - DEWEY DECIMAL CLASSIFICATION NUMBER
Classification number 423 ALL
Edition number 23
245 00 - TITLE STATEMENT
Title Oxford English dictionary for schools /
Statement of responsibility, etc. chief editor, Robert Allen ; editor, Susan Rennie ; literacy consultant, John Mannion.
246 30 - VARYING FORM OF TITLE
Title proper/short title English dictionary for schools
250 ## - EDITION STATEMENT
Edition statement [New edition].
260 ## - PUBLICATION, DISTRIBUTION, ETC.
Place of publication, distribution, etc. Oxford :
Name of publisher, distributor, etc. Oxford University Press,
Date of publication, distribution, etc. 2012.
300 ## - PHYSICAL DESCRIPTION
Extent x, 917 pages ;
Dimensions 20 cm
336 ## - CONTENT TYPE
Content type term text
Source rdacontent
337 ## - MEDIA TYPE
Media type term unmediated
Source rdamedia
338 ## - CARRIER TYPE
Carrier type term volume
Source rdacarrier
500 ## - GENERAL NOTE
General note Formerly CIP.
Institution to which field applies Uk
650 #0 - SUBJECT ADDED ENTRY--TOPICAL TERM
Topical term or geographic name entry element English language
Form subdivision Dictionaries, Juvenile.
700 1# - ADDED ENTRY--PERSONAL NAME
Personal name Allen, R. E.,
Dates associated with a name 1944-
Relator term editor.
700 1# - ADDED ENTRY--PERSONAL NAME
Personal name Rennie, Susan,
Dates associated with a name 1962-
Relator term editor.
700 1# - ADDED ENTRY--PERSONAL NAME
Personal name Mannion, John,
Dates associated with a name 1956-
Relator term contributor.
942 ## - ADDED ENTRY ELEMENTS (KOHA)
Source of classification or shelving scheme
Koha item type Reference
Holdings
Withdrawn status Lost status Source of classification or shelving scheme Damaged status Not for loan Collection code Permanent Location Current Location Shelving location Date acquired Full call number Barcode Date last seen Copy number Price effective from Koha item type
          Reference KH8 Senior School Library KH8 Senior School Library Reference 2019-08-14 423 ALL 3KHSL000100234 2019-08-14 1 2019-08-14 Reference
          Reference KH8 Senior School Library KH8 Senior School Library Reference 2019-08-14 423 ALL 3KHSL000100235 2019-08-14 2 2019-08-14 Reference
          Reference KH8 Senior School Library KH8 Senior School Library Reference 2019-08-14 423 ALL 3KHSL000100236 2019-08-14 3 2019-08-14 Reference

Powered By KH8 IT Dept